Personaggi del ciclo arturiano - Statistics

Statistiche generali
  • Questo quiz è stato fatto 87 volte
  • Il punteggio medio è 7 su 21
Statistiche sulle risposte
Indizio Personaggio % Corretto
Re della Bretagna, signore di Camelot e capo dei cavalieri della Tavola Rotonda Artù 1
100%
Potente mago che aiutò (1) nell'infanzia e nella costruzione del suo regno Merlino 6
89%
Regina, consorte di (1), che tradì con il cavaliere (8) Ginevra 2
88%
Tra i più valorosi cavalieri della Tavola, tradì il re divenendo l'amante di (2) Lancillotto del Lago 8
87%
Maga, sorellastra di (1) e sua acerrima nemica; alleata di (21) Fata Morgana 7
68%
Nato e cresciuto nella foresta, divenne poi cavaliere e ritrovò per primo il Graal Parsifal 10
46%
Re della Britannia, padre di (1); uccise un drago Uther Pendragon 3
46%
Creatura femminile che allevò (8) e consegnò a (1) la spada Excalibur Dama del Lago 4
39%
Nipote di (1), tradì il re usurpandone il trono; fu ucciso nella battaglia di Camlann, quando lo stesso (1) rimase mortalmente ferito Mordred 21
33%
Nipote di (1) e primo tra i cavalieri della Tavola, noto per la lealtà e l'onore Galvano 12
28%
Figlio illegittimo di (8), fu uno dei cavalieri cui fu concesso di trovare il Graal Galahad 9
24%
Figlio di (5) e fratellastro di (1), cavaliere della Tavola e siniscalco del re, noto per le malizie e per non eccellere con le armi Keu 16
16%
Personaggio evangelico, alla morte di Cristo raccolse il Graal, poi migrò in Britannia dove nascose la reliquia Giuseppe di Arimatea 18
14%
Cavaliere, padre di (16) e tutore di (1) prima che divenisse re Ettore 5
13%
Discendente di (18), alla sua corta (10) vede per la prima volta il Graal Re pescatore 19
7%
Sovrano britanno e cavaliere della Tavola, usava accompagnarsi con un leone nelle sue imprese Ivano 11
5%
Ex cavaliere della Tavola, figlio di Baudemagu, poi divenuto antagonista di (1), tanto da arrivare a rapire la regina, poi liberata da (8) e (12) Maleagant 17
5%
Antagonista di (1) e dei suoi cavalieri, e soprattutto di (12) Cavaliere verde 13
4%
Discendente di Enea, fondò il regno di Britannia Bruto di Britannia 20
3%
Cavaliere della Tavola, allevato da (4) assieme a (8), e con egli esiliato dopo la scoperta del tradimento della regina Lionel 15
3%
Cavaliere della Tavola che viene ucciso da (8) dopo averlo scoperto con (2) Daniel 14
1%
Nessun quiz corrispondente trovato
Distribuzione punteggi
Percentuale di utenti per punteggio
Percentile per numero di risposta
I tuoi punteggi nel tempo
Non hai fatto questo quiz